书目信息 |
| 题名: |
艾思奇哲学文选
|
|
| 作者: | 艾思奇 著 | |
| 分册: | 第一卷 | |
| 出版信息: | 北京 经济科学出版社 2016.06 |
|
| 页数: | 330页 | |
| 开本: | 23cm | |
| 丛书名: | ||
| 单 册: | ||
| 中图分类: | B0-53 , B02-53 | |
| 科图分类: | ||
| 主题词: | 哲学--文集 , 辩证唯物主义--文集 , 历史唯物主义--文集 | |
| 电子资源: | ||
| ISBN: | 978-7-5141-7043-6 | |
| 000 | 01088nam0 2200313 450 | |
| 001 | 0120161969098 | |
| 005 | 20180905155930.01 | |
| 010 | @a978-7-5141-7043-6@dCNY63.00 | |
| 100 | @a20160804d2016 em y0chiy50 ea | |
| 101 | 0 | @achi |
| 102 | @aCN@b110000 | |
| 105 | @ay z 000yy | |
| 106 | @ar | |
| 200 | 1 | @a艾思奇哲学文选@9ai si qi zhe xue wen xuan@h第一卷 |
| 210 | @a北京@c经济科学出版社@d2016.06 | |
| 215 | @a330页@d23cm | |
| 312 | @a封面英文题名:Aisiqi philosophy anthology (1) | |
| 314 | @a封面题:艾思奇著 | |
| 330 | @a艾思奇哲学文选(第一辑)辩证唯物主义历史唯物主义:本部分是艾思奇著作当中最经典核心的内容,能够代表艾思奇哲学思想的精华,是比较成熟的理论著作。对当前社会主义现代化建设也具有较强的理论指导价值和现实意义。 | |
| 333 | @a哲学研究人员 | |
| 510 | 1 | @aAisiqi philosophy anthology@h1@zeng |
| 606 | 0 | @a哲学@j文集 |
| 606 | 0 | @a辩证唯物主义@j文集 |
| 606 | 0 | @a历史唯物主义@j文集 |
| 690 | @aB0-53@v5 | |
| 690 | @aB02-53@v5 | |
| 701 | 0 | @a艾思奇@9ai si qi@f(1910-1966)@4著 |
| 801 | 0 | @aCN@b人天书店@c20160804 |
| 905 | @b1091371-75@dB0-53@e283:1@f5 | |
| 艾思奇哲学文选.第一卷.-北京:经济科学出版社,2016.06 |
| 330页;23cm |
| 使用对象:哲学研究人员 |
| ISBN 978-7-5141-7043-6:CNY63.00 |
| 艾思奇哲学文选(第一辑)辩证唯物主义历史唯物主义:本部分是艾思奇著作当中最经典核心的内容,能够代表艾思奇哲学思想的精华,是比较成熟的理论著作。对当前社会主义现代化建设也具有较强的理论指导价值和现实意义。 |
| ● |
| 相关链接 |
|
|
|
|
正题名:艾思奇哲学文选
索取号:B0-53/283:1
 
预约/预借
| 序号 | 登录号 | 条形码 | 馆藏地/架位号 | 状态 | 备注 |
| 1 | 1091371 | 210913715 | 第一样本阅览室/ [索取号:B0-53/283:1] | 在馆 | |
| 2 | 1091372 | 210913724 | 教育系资料室/ [索取号:B0-53/283:1] | 在馆 | |
| 3 | 1091373 | 210913733 | 教育系资料室/ [索取号:B0-53/283:1] | 在馆 | |
| 4 | 1091374 | 210913742 | 第一借阅区/ [索取号:B0-53/283:1] | 在馆 | |
| 5 | 1091375 | 210913751 | 第一借阅区/ [索取号:B0-53/283:1] | 在馆 |